Statistics for Actors in Marvel movies

Click here to take the quiz!

General Stats

  • This quiz has been taken 27 times
  • The average score is 21 of 38

Answer Stats

Character Actor/ Actress % Correct
Iron ManRobert Downey Jr
95%
ThorChris Hemsworth
91%
WolverineHugh Jackman
86%
Star LordChris Pratt
86%
Captain AmericaChris Evans
82%
He's in every Marvel filmStan Lee
82%
Doctor StrangeBenedict Cumberbatch
77%
GrootVin Diesel
77%
HulkMark Ruffalo
73%
Nick FurySamuel L Jackson
73%
Ant ManPaul Rudd
73%
HawkeyeJeremy Renner
68%
DeadpoolRyan Reynolds
68%
LokiTom Hiddleston
64%
Rocket RaccoonBradley Cooper
64%
Professor XPatrick Stewart
64%
ThanosJosh Brolin
59%
SpidermanTom Holland
55%
Scarlett WitchElizabeth Olsen
55%
GamoraZoe Saldana
55%
War MachineDon Cheadle
50%
VisonPaul Bettany
50%
Hank PymMichael Douglas
50%
Jane FosterNatalie Portman
45%
Black PantherChadwick Boseman
41%
UltronJames Spader
41%
Black WidowScarlett Johannson
41%
MystiqueJenniffer Lawrence
36%
FalconAnthony Mackie
36%
WongBenedict Wong
36%
NebulaKaren Gillan
32%
YonduMichael Rooker
27%
Maria HillCobie Smulders
27%
QuicksilverAaron Taylor-Johnson
27%
Jean GreySophie Turner
27%
Phil CoulsonClark Gregg
27%
ToadRay Park
23%
Howard the DuckSeth Green
9%

Score Distribution

Percentile by Number Answered

Percent of People with Each Score

Your Score History

You have not taken this quiz